Ambrosia Lee drops the mic / Patricia Park.
Available copies
- 1 of 2 copies available at LARL/NWRL Consortium. (Show)
- 1 of 2 copies available at Lake Agassiz Regional Library.
Current holds
0 current holds with 2 total copies.
Show Only Available Copies
| Location | Call Number / Copy Notes | Barcode | Shelving Location | Status | Due Date |
|---|---|---|---|---|---|
| Detroit Lakes Public Library | Y PAR (Text) | 33500014383285 | New | In transit | - |
| Moorhead Public Library | Y PAR (Text) | 33500014383293 | New | Available | - |
Record details
- ISBN: 9798217029761
- ISBN: 9798217116966
- Physical Description: 274 pages ; 22 cm.
- Publisher: New York : Crown Books for Young Readers, [2026]
Content descriptions
| Summary, etc.: | "A Korean American former child actress decides to ... Read More |
| Target Audience Note: | Ages 14 and up Crown. Grades 10-12 Crown. |
Search for related items by subject
| Genre: | Humorous fiction. Novels. |
| LDR | 03510cam a22006978i 4500 | ||
|---|---|---|---|
| 001 | 483547 | ||
| 003 | LARL_NWRL_CONSORTIUM | ||
| 005 | 20260526163516.0 | ||
| 008 | 260408s2026 nyu d 000 f eng | ||
| 010 | . | ‡a 2026016719 | |
| 040 | . | ‡aDLC ‡beng ‡erda ‡cDLC ‡dBDX ‡dIG# ‡dCHILD ‡dYDX ‡dOCLCO ‡dMRGLN ‡dRNL ‡dOCLCO | |
| 019 | . | ‡a1574868676 | |
| 020 | . | ‡a9798217029761 ‡qhardcover | |
| 020 | . | ‡a9798217116966 ‡qtrade paperback | |
| 020 | . | ‡z9798217029785 ‡qebook | |
| 020 | . | ‡z9798217295326 | |
| 035 | . | ‡a(OCoLC)1538479169 ‡z(OCoLC)1574868676 | |
| 042 | . | ‡apcc | |
| 043 | . | ‡an-us--- ‡0http://id.loc.gov/authorities/names/n78095330 | |
| 082 | 1 | 4. | ‡a[Fic] ‡223 |
| 100 | 1 | . | ‡aPark, Patricia ‡c(Fiction writer), ‡eauthor. ‡4aut ‡4http://id.loc.gov/vocabulary/relators/aut ‡1https://id.oclc.org/worldcat/entity/E39PCjFFV88PTjgVXYXWwbbMrq ‡1http://id.loc.gov/rwo/agents/no2015058783 |
| 245 | 1 | 0. | ‡aAmbrosia Lee drops the mic / ‡cPatricia Park. |
| 264 | 1. | ‡aNew York : ‡bCrown Books for Young Readers, ‡c[2026] | |
| 300 | . | ‡a274 pages ; ‡c22 cm. | |
| 334 | . | ‡asingle unit ‡bmono ‡0http://id.loc.gov/vocabulary/issuance/mono | |
| 336 | . | ‡atext ‡btxt ‡2rdacontent ‡0http://id.loc.gov/vocabulary/contentTypes/txt | |
| 337 | . | ‡aunmediated ‡bn ‡2rdamedia ‡0http://id.loc.gov/vocabulary/mediaTypes/n | |
| 338 | . | ‡avolume ‡bnc ‡2rdacarrier ‡0http://id.loc.gov/vocabulary/carriers/nc | |
| 385 | . | ‡mAge group ‡nage ‡aTeenagers ‡2lcdgt ‡0http://id.loc.gov/authorities/demographicTerms/dg2015060011 | |
| 520 | . | ‡a"A Korean American former child actress decides to branch out and stand out in order to pursue her newfound love - stand-up comedy"-- Provided by publisher. | |
| 521 | . | ‡aAges 14 and up ‡bCrown. | |
| 521 | . | ‡aGrades 10-12 ‡bCrown. | |
| 650 | 0. | ‡aKorean Americans ‡vFiction. ‡0(LARL_NWRL_CONSORTIUM)169842 | |
| 650 | 0. | ‡aChild actors ‡vFiction. | |
| 650 | 0. | ‡aStand-up comedy ‡vFiction. | |
| 651 | 0. | ‡aHollywood (Los Angeles, Calif.) ‡vFiction. ‡0(LARL_NWRL_CONSORTIUM)168501 | |
| 650 | 0. | ‡aAuditions ‡vFiction. | |
| 650 | 1. | ‡aStand-up comedy. ‡0(LARL_NWRL_CONSORTIUM)36504 | |
| 650 | 1. | ‡aSelf-actualization. | |
| 650 | 1. | ‡aKorean Americans. ‡0(LARL_NWRL_CONSORTIUM)24119 | |
| 655 | 7. | ‡aHumorous fiction. ‡2lcgft | |
| 655 | 7. | ‡aNovels. ‡2lcgft | |
| 758 | . | ‡1http://id.loc.gov/resources/instances/in00024538448 | |
| 758 | . | ‡4http://id.loc.gov/ontologies/bibframe/instanceOf ‡1http://id.loc.gov/resources/works/in00024538448 | |
| 776 | 0 | 8. | ‡iOnline version ‡4http://id.loc.gov/entities/relationships/onlineversion ‡aPark, Patricia (Fiction writer) ‡tAmbrosia Lee drops the mic ‡dNew York : Crown, [2026] ‡z9798217029785 ‡w(DLC) 2026016720 |
| 884 | . | ‡aDLC bibframe2marc v3.1-dev ‡g20260408 ‡qDLC ‡uhttps://github.com/lcnetdev/bibframe2marc/tree/v3.1-dev | |
| 901 | . | ‡a483547 ‡bOCoLC ‡c483547 ‡tbiblio ‡soclc | |

Add to basket
Permalink
Disable Highlighting